000 02070nam0a2200385 4500
001 RU\NLR\BIBL_A\011372813
005 20260406164247.0
010 _a9785990794320
021 _aRU
_b2017-22290
_91659
035 _a(RuMoRGB)008838973
035 _a(NLR Aleph) 011372813
090 _a11361027
_c11361027
100 _a20170421d2017 m y0rusy50 ca
101 1 _arus
_aeng
102 _aRU
105 _aa z 000ay
200 1 _aПутешествие в Зазеркалье и что там обнаружила Алиса
_dThrough the Looking-Glass and what Alice found there
_e[новый перевод сказочной повести]
_fЛьюис Кэрролл
_gперевод с английского, предисловие, комментарии и иллюстрации Дмитрия Ермоловича
_g[в книге также воспроизведены отдельные рисунки Джона Тенньела]
_zeng
210 _aМосква
_cAuditoria
_d2017
215 _a330 с., [9] л. цв. ил.
_cил., портр.
_d22
300 _aАвт. также на англ. яз.: Lewis Carroll
300 _aТекст парал. на рус., англ. яз.
320 _aБиблиогр.: с. 324-325
510 1 _6z45790
_aThrough the Looking-Glass and what Alice found there
_zeng
606 1 _aАнглийский язык
_jКниги для чтения
_9972309
_3RU\NLR\AUTH\6646032
686 _aШ9(2)72(4Вл)
_2rubbk
686 _aШ143.21-947
_2rubbk
686 1 _aШ143.21-93рус91
700 1 _7ca
_8rus
_aКэрролл
_bЛ.
_f1832-1898
_gЛьюис
_3RU\NLR\AUTH\7710596
_9120364
702 1 _4730
_4080
_4212
_4440
_8rus
_7ca
_aЕрмолович
_bД. И.
_f1952-
_gДмитрий Иванович
_3RU\NLR\AUTH\7719844
_92915
702 1 _4440
_8rus
_7ca
_aТенниел
_bД.
_cхудожник
_f1820-1914
_gДжон
_3RU\NLR\AUTH\7794524
_977450
790 1 _7ba
_8eng
_aCarroll
_bL.
_f1832-1898
_gLewis
_3RU\NLR\AUTH\7751710
_934643
942 _cBOOK
980 _aNBR